Visualizzazione normale
Vista MARC
- Perrin
di Personal Name
Records bibliografici associati: 1
001 - CONTROL NUMBER
- control field: 20664
003 - CONTROL NUMBER IDENTIFIER
- control field: IT-RoPau
005 - DATE AND TIME OF LATEST TRANSACTION
- control field: 20140413155609.0
008 - FIXED-LENGTH DATA ELEMENTS
- fixed length control field: 140413|| aca||aabn | a|a d
040 ## - CATALOGING SOURCE
- Original cataloging agency: IT-RoPau
- Transcribing agency: IT-RoPau
100 ## - HEADING--PERSONAL NAME
- Personal name: Perrin
- Dates associated with a name: Codice autore musica SPICS: 28548
- Relator term: Autore musica
- Name of part/section of a work: La corte de faraon - La generala - Bohemios
670 ## - SOURCE DATA FOUND
- Source citation: Work cat.: (IT-RoPau)103028: AA.VV. 794, Zarzuela-Valses celebres